Sociálně-ekonomické přístupy k teorii růstu v rámci literatury ekonomie hlavního proudu
Klasifikácia teórií rastu a sociálno-ekonomické prístupy v rámci učebnicového výkladu v českej a zahraničnej literatúre. Analýza problematiky hospodárskeho rastu.
Enregistré dans:
| Auteur principal: | |
|---|---|
| Format: | Chapitre de livre |
| Langue: | slovaque |
| Sujets: | |
| Tags: |
Pas de tags, Soyez le premier à ajouter un tag!
|
MARC
| LEADER | 00000naa$a2200000$$$4500 | ||
|---|---|---|---|
| 001 | 0066582 | ||
| 005 | 20231107115127.0 | ||
| 041 | 0 | |a slo | |
| 044 | |a CZ | ||
| 245 | 1 | 0 | |a Sociálně-ekonomické přístupy k teorii růstu v rámci literatury ekonomie hlavního proudu |c Luděk Kouba |
| 520 | |a Klasifikácia teórií rastu a sociálno-ekonomické prístupy v rámci učebnicového výkladu v českej a zahraničnej literatúre. Analýza problematiky hospodárskeho rastu. | ||
| 610 | 2 | 0 | |a teórie rastu hospodárskeho |
| 610 | 2 | 0 | |a literatúra |
| 610 | 2 | 0 | |a modely |
| 610 | 2 | 0 | |a infraštruktúra sociálna |
| 100 | 1 | |a Kouba, Luděk | |